000 00679nam a2200229 a 4500
001 4930082
005 20180306032020.0
008 950210s1993 caua b 001 0 eng
010 _a 95115472
020 _a0937175803
040 _aDLC
_cDLC
041 _aeng
080 _a005.43 fri
082 0 0 _a005.43 fri
_220
100 1 _a30
101 _ashk
245 1 0 _aEssential system administration /
_cAEleen Frisch.
504 _aIncludes bibliographical references (p. 415-416) and index.
906 _a7
_bcbc
_corignew
_d2
_encip
_f19
_gy-gencatlg
942 _2ddc
_cBK
999 _c44111
_d44111